Türkiye'de en çok kullanılan kadın isimleri - 2024 - Statistics

General Stats
  • This quiz has been taken 236 times
  • The average score is 9 of 30
Answer Stats
Sıra İsim Sayı % Correct
2 Ayşe 915.587
96%
1 Fatma 1.164.268
94%
5 Zeynep 704.355
84%
6 Elif 553.984
62%
4 Hatice 714.977
61%
8 Merve 293.302
52%
3 Emine 784.176
40%
10 Esra 248.215
32%
9 Zehra 268.273
30%
26 Fadime 158.310
29%
12 Büşra 213.948
26%
17 Kübra 191.995
26%
19 Leyla 184.111
26%
7 Meryem 319.635
26%
24 Tuğba 161.156
24%
30 Ayşegül 153.376
22%
14 Melek 197.270
22%
11 Özlem 234.031
20%
29 Havva 155.080
18%
27 Yağmur 156.877
16%
25 Hacer 160.535
15%
20 Rabia 184.010
15%
15 Hülya 197.041
13%
16 Sultan 192.631
13%
13 Yasemin 212.244
13%
18 Dilek 189.049
12%
23 Sevim 161.326
11%
28 Aynur 156.652
10%
22 Aysel 165.898
7%
21 Songül 179.705
7%
No matching quizzes found
Score Distribution
Percent of People with Each Score
Percentile by Number Answered
Your Score History
You have not taken this quiz